|
|
|
|
| LEADER |
00852pam a22002658a 4500 |
| 001 |
00028047 |
| 005 |
20171026081022.0 |
| 008 |
111223s2004 ||||||Engsd |
| 020 |
# |
# |
|a 019437730X
|
| 041 |
0 |
# |
|a Eng
|
| 082 |
1 |
4 |
|a 428
|b R200A
|
| 100 |
1 |
# |
|a Howard, Lori
|
| 245 |
1 |
0 |
|a Read and reflect 2
|b Academic reading strategies and cultural awreness
|c Lori Howard, Jayme Adelson - Goldstein
|
| 260 |
# |
# |
|b Oxford Univ. Press
|c 2004
|a Oxford
|
| 300 |
# |
# |
|a vi,138p.
|b ill.
|c 26cm.
|
| 650 |
# |
4 |
|x Textbook for foreign speakers
|a English language
|
| 653 |
# |
# |
|a Anh ngữ thực hành
|
| 653 |
# |
# |
|a Bài đọc
|
| 700 |
1 |
# |
|a Adelson - Goldstein, Jayme
|
| 852 |
# |
# |
|b Kho đọc
|j KD.0012412
|
| 852 |
# |
# |
|j KD.0012412
|
| 910 |
|
|
|d 23/12/2011
|
| 980 |
# |
# |
|a Trung tâm Học liệu Lê Vũ Hùng, Trường Đại học Đồng Tháp
|